Sociología de las organizaciones
Guardat en:
| Autors principals: | , , , , , , , , , , |
|---|---|
| Altres autors: | , |
| Format: | Llibre |
| Idioma: | espanyol |
| Publicat: |
Ciudad de México
McGraw-Hill
1997
|
| Edició: | 1a. ed |
| Matèries: | |
| Etiquetes: |
Afegir etiqueta
Sense etiquetes, Sigues el primer a etiquetar aquest registre!
|
MARC
| LEADER | 00000cam a2200000 a 4500 | ||
|---|---|---|---|
| 001 | UCC0495 | ||
| 003 | CL-VaPUC | ||
| 008 | 170818e19970000mx |||||||||||||||||spa|d | ||
| 020 | |a 9701015991 | ||
| 082 | 0 | 4 | |a 306.36 |b MAR |2 21 |
| 100 | |a Martínez Avila, Alejandra |e autora |9 594475 | ||
| 700 | |a Méndez Morales, José Silvestre |e autor |9 564060 | ||
| 700 | 0 | |a Monroy, Fidel |e author |9 594477 | |
| 700 | 0 | |a Zorrilla, Santiago |e author |9 594478 | |
| 700 | |a Light, Donald |e autor |9 594479 | ||
| 700 | |a Keller, Suzanne |e author |9 594480 | ||
| 700 | 0 | |a Calhoun, Craig |e author |9 594481 | |
| 700 | 0 | |a Torre, Francisco de la |e author |9 594482 | |
| 700 | 0 | |a García, José M |e author |9 594483 | |
| 700 | 0 | |a Phillips, Bernard |e author |9 594484 | |
| 700 | |a Horton, Paul B |e author |9 594485 | ||
| 700 | 0 | |a Hunt, Chester L |e author |9 594486 | |
| 700 | 0 | |a Amaya, Mariano |e author |9 594487 | |
| 245 | 1 | 0 | |a Sociología de las organizaciones |
| 250 | |a 1a. ed | ||
| 300 | |a 205 p | ||
| 942 | |c BK | ||
| 945 | |d 20170818 15:36:00 |a dcastane | ||
| 260 | |a Ciudad de México |b McGraw-Hill |c 1997 | ||
| 650 | 0 | |a Sociología |9 255410 | |
| 650 | 0 | |a Recursos humanos |9 228420 | |
| 650 | 0 | |a Relaciones humanas |9 307340 | |
| 650 | 0 | |a Burocracia |9 255511 | |
| 583 | |a last modification |c 20170818 15:36:00 |k Rodrigo Vera | ||
| 999 | |c 369324 |d 369322 | ||
| 952 | |0 0 |1 0 |3 erb |4 0 |6 306_360000000000000_MAR_1997 |7 0 |8 A |9 485073 |a BIBEDU |b BIBEDU |i 5414733 |o 306.36 MAR 1997 |p 5414733 |r 2019-11-24 |w 2019-11-24 |y BK |z Catalogado en:20170818 |k PSI | ||